Online Catalogue and eLibrary

Srilankawe dheshapalana aiyathanathula sthri niyojanaya (Record no. 2461)

MARC details
000 -LEADER
fixed length control field 00482nam a2200157Ia 4500
005 - DATE AND TIME OF LATEST TRANSACTION
control field 20250620013559.0
008 - FIXED-LENGTH DATA ELEMENTS--GENERAL INFORMATION
fixed length control field 240331s9999 xx 000 0 und d
020 ## - INTERNATIONAL STANDARD BOOK NUMBER
ISBN 9559111078
082 ## - DDC Classification
Item Number - Author Mark MAD
Class No. 323
100 ## - MAIN ENTRY--PERSONAL NAME
Personal name Madhapola, T
245 #0 - TITLE STATEMENT
Title Srilankawe dheshapalana aiyathanathula sthri niyojanaya
260 ## - PUBLICATION, DISTRIBUTION, ETC.
Place of publication, distribution, etc. Colombo
Name of publisher, distributor, etc. Shakthi Gender Equality Project
Date of publication, distribution, etc. 2004
300 ## - PHYSICAL DESCRIPTION
Extent (e.g. Volumes, Pages etc.) 121 p .,
500 ## - GENERAL NOTE
General note A book on Women's Representation in Political Institutions in Sri Lanka
942 ## - Koha item type (Biblio)
Koha item type Books in Stacks (Lending)
Holdings
Lost status Damaged status Collection code Home library Current library Shelving location Date acquired Full call number Accession Number Item type
    Lending WERC Library WERC Library Social Science Cupboard 03/31/2024 323.34 MAD 1887 Books in Stacks (Lending)

© WERC Library